00538nam a2200205 a 4500001001300000003000900013005001700022008004100039020002200080082001600102100002100118245003100139260003500170300000900205500003500214505001300249650001900262650003000281700002100311nice12345678IN_TiNIC20260116014624.0070402s0000 newa grp 000 0 eng  a8171513492 c6500a891.51bDAV aDavis, F Hadland aRumib The Persian Mystics aNew DelhibKitab Bhavan c0000 a118p aincludes index and biblioraphy2 aappendix aPersian Poetry aJami, Abdur Rahman-Poetry1 aDavis, F Hadland